Computers and The Law / (Record no. 343)

MARC details
000 -LEADER
fixed length control field 00510nam a22001697a 4500
005 - DATE AND TIME OF INPUT
control field 20231107064945.0
008 - DATA ELEMENTS--GENERAL INFORMATION
fixed length control field 231107b |||||||| |||| 00| 0 eng d
020 ## - INTERNATIONAL STANDARD BOOK NUMBER
International Standard Book Number 070211779
041 ## - LANGUAGE CODE
Language code of text English
082 ## - SHELF NUMBER
DDC number 346.47 VAN
100 ## - MAIN AUTHOR
Main author's name Van der Merwe, DP
Language of a work English
245 ## - TITLE STATEMENT
Title Computers and The Law /
Statement of responsibility, etc. DP Van der Merwe
260 ## - PUBLICATION, DISTRIBUTION, ETC.
Place of publication, distribution, etc. Cape Town :
Name of publisher, distributor, etc. Juta and Company Ltd,
Date of publication, distribution, etc. 1986
300 ## - PHYSICAL DESCRIPTION
Other physical details xvi, 138 pages ;
Dimensions 23 cm.
650 ## - SUBJECT`
Broad subject Legal practice
Own subject terms Law
942 ## - ADDED ENTRY ELEMENTS (KOHA)
Item type Books
942 ## - ADDED ENTRY ELEMENTS (KOHA)
-- ALISON_BN_VRIES
Holdings
Source of classification or shelving scheme Not for loan Collection code Home library Current library Shelving location Date acquired Full call number Barcode Price effective from Koha item type
Dewey Decimal Classification   TEXT BOOKS LAW SOCIETY OF NAMIBIA LIBRARY - WINDHOEK LAW SOCIETY OF NAMIBIA LIBRARY - WINDHOEK General Shelf 11/07/2023 346.47 VAN LSN/1987/151 11/07/2023 Books